| 000 | 00460ntaaa2200181 4500 | ||
|---|---|---|---|
| 003 | 01 | ||
| 005 | 20251027201406.0 | ||
| 008 | 0714s1973 ag 01 | ||
| 040 |
_aAR-BaBN _bspa _cAR-BaBN _eaacr _dRIC |
||
| 082 | _a225.8230 H89 | ||
| 100 |
_aHunter, H. M. _912400 |
||
| 245 | _aIntroducing New Testament Theology | ||
| 250 |
_a1 ed. : _bSCM Press, _cc1957 |
||
| 300 | _a160 p. | ||
| 650 | _aBiblia-Nuevo Testamento-Teología | ||
| 650 | _aTeología | ||
| 942 | _cBK | ||
| 999 |
_c8445 _d8445 |
||